Informe sobre la Abogacía en la Argentina /

Guardado en:
Autor Principal: González Sabathié, J. M.
Formato: Libro
Idioma:Spanish
Publicado: Buenos Aires : Compañía Impresora Argentina, 1931
Etiquetas: Agregar Etiqueta
Sin Etiquetas, Sea el primero en etiquetar este registro!
LEADER 00564nam a22001335a 4500
001 DER.der012487
005 20131002000000.0
008 180615s1931####||||||||||||||||||||spa||
100 1 |a González Sabathié, J. M. 
245 1 0 |a Informe sobre la Abogacía en la Argentina /  |c J. M. González Sabathié 
260 |a Buenos Aires :  |b Compañía Impresora Argentina,  |c 1931 
300 0 |a 332 p. 
500 0 |a Redactado por encargo de la Federación Argentina de Colegios de Abogados en contestación a la encuesta de lïunion Internationale des Avocats 
859 |a DERECHO  |b BIB. DERECHO  |p 007313